| 000 | 00758cam a2200277 a 4500 | ||
|---|---|---|---|
| 999 |
_c3100 _d3100 |
||
| 001 | 11978 | ||
| 003 | GBCCL | ||
| 005 | 20241126110447.0 | ||
| 008 | 760109s1975 ilua 00010ceng | ||
| 010 | _a 75015193 //r82 | ||
| 020 |
_a0842351353 : _c$2.95 |
||
| 035 | _aOCM01992969 | ||
| 040 |
_aDLC _cDLC _dm.c. _dLBB |
||
| 049 | _aLBBK | ||
| 050 | 0 |
_aBV4526.2 _b.W74 |
|
| 082 |
_a248.845 _a649.1 _bWRI |
||
| 092 |
_a649.1 _bW951 |
||
| 100 | 1 | 0 |
_aWright, Linda Raney. _96426 |
| 245 | 1 | 0 |
_aRaising children / _cLinda Raney Wright. |
| 260 | 0 |
_aWheaton, Ill. : _bTyndale House, _cc1975. |
|
| 300 |
_a158 p. : _bill. ; _c21 cm. |
||
| 650 | 0 |
_aFamily _xReligious life. _94329 |
|
| 650 | 0 |
_aChild rearing. _91189 |
|
| 650 | 0 |
_aMothers. _94312 |
|
| 942 |
_2ddc _cBK _07 |
||